| 000 | 00599nam a2200205 i 4500 | ||
|---|---|---|---|
| 001 | 101199 | ||
| 003 | ES-MaACL | ||
| 005 | 20250829062542.0 | ||
| 007 | t| | ||
| 008 | 051014s1953 sp ||||1| spa d | ||
| 100 | 1 |
_aMaurois, André, _d1885-1967 _979267 |
|
| 245 | 1 | 0 |
_aDestinos ejemplares / _cAndré Maurois, [seud.] de Emile Herzog; traducción de Leonor Muñoz. |
| 260 |
_aBarcelona : _bApolo, _c1953. |
||
| 300 |
_a215 p. ; _c15 cm. |
||
| 490 | 1 | _aPrisma | |
| 700 | 1 |
_aMuñoz, Leonor. _984324 |
|
| 830 | 0 | 0 |
_aPrisma _9180749 |
| 852 |
_aES-MaACL _jD-8551 _bR.34280 |
||
| 999 |
_c101199 _d101199 |
||